| 000 | 01083nam a2200301 i 4500 | ||
|---|---|---|---|
| 001 | 190760 | ||
| 003 | ES-MaACL | ||
| 005 | 20250810081324.0 | ||
| 008 | 220630s2018 sp 001 0 spa | ||
| 020 | _a9788470748141 | ||
| 040 | _cES-MaACL | ||
| 080 | _a(05)(460.271) | ||
| 080 | _a82(05) | ||
| 100 | 1 |
_aGarcía Lucio, Santiago, _d1992- _eaut _9165620 |
|
| 245 | 1 | 3 |
_aLa Estafeta literaria : _bun estudio descriptivo-comparado / _cSantiago Gª Lucio |
| 260 |
_aMadrid : _bFragua, _c2018. |
||
| 300 |
_a211 páginas ; _c21 cm. |
||
| 490 | 1 |
_aFragua comunicación ; _v171 |
|
| 504 | _aBibliografía: páginas 193-211 | ||
| 630 | 3 | 4 |
_aLa Estafeta literaria (1944) _9143513 |
| 650 | 4 |
_aLiteratura- _vPublicaciones periódicas- _zEspaña- _yS.XX. _914491 |
|
| 830 | 1 |
_aFragua comunicación ; _v171 _9189002 |
|
| 852 | 4 |
_aES-MaACL _jA-14979 _bR.153205 _cDEPO1 _dOlim: N-7979 _hDonación: Margarita Garbisu Buesa _9197942 |
|
| 903 |
_aGarbisu Buesa, Margarita _ednr _953958 |
||
| 942 |
_cMONOGRAFIA _n0 |
||
| 999 |
_c190760 _d190760 |
||